|
|
|
|
| LEADER |
02000nam a2200433 i 4500 |
| 001 |
EBC4856733 |
| 003 |
MiAaPQ |
| 005 |
20200923020339.0 |
| 006 |
m o d | |
| 007 |
cr cnu|||||||| |
| 008 |
170530t20172017xx ob 000 0 eng d |
| 020 |
|
|
|z 9781787148574
|
| 020 |
|
|
|a 9781787148581 (e-book)
|
| 035 |
|
|
|a (MiAaPQ)EBC4856733
|
| 035 |
|
|
|a (Au-PeEL)EBL4856733
|
| 035 |
|
|
|a (CaPaEBR)ebr11383250
|
| 035 |
|
|
|a (OCoLC)987103380
|
| 040 |
|
|
|a MiAaPQ
|b eng
|e rda
|e pn
|c MiAaPQ
|d MiAaPQ
|
| 050 |
|
4 |
|a HF1009.5
|b .C686 2017
|
| 082 |
0 |
|
|a 658.84805
|2 23
|
| 245 |
0 |
0 |
|a Country of origin research revisited :
|b seeking new methods and variables /
|c Eunju Ko, Byeong-Joon Moon and Peter Magnusson, guest editors.
|
| 264 |
|
1 |
|a [Place of publication not identified] :
|b Emerald Publishing Limited,
|c 2017.
|
| 264 |
|
4 |
|c 2017
|
| 300 |
|
|
|a 1 online resource (193 pages).
|
| 336 |
|
|
|a text
|2 rdacontent
|
| 337 |
|
|
|a computer
|2 rdamedia
|
| 338 |
|
|
|a online resource
|2 rdacarrier
|
| 490 |
0 |
|
|a International Marketing Review,
|x 0265-1335 ;
|v Volume 34 Number 2
|
| 504 |
|
|
|a Includes bibliographical references at the end of each chapters.
|
| 588 |
|
|
|a Description based on online resource; title from PDF cover (ebrary, viewed May 29 , 2017).
|
| 590 |
|
|
|a Electronic reproduction. Ann Arbor, MI : ProQuest, 2016. Available via World Wide Web. Access may be limited to ProQuest affiliated libraries.
|
| 650 |
|
0 |
|a Export marketing
|v Periodicals.
|
| 655 |
|
4 |
|a Electronic books.
|
| 700 |
1 |
|
|a Ko, Eunju,
|e editor.
|
| 700 |
1 |
|
|a Moon, Byeong-Joon,
|e editor.
|
| 700 |
1 |
|
|a Magnusson, Peter,
|e editor.
|
| 776 |
0 |
8 |
|i Print version:
|t Country of origin research revisited : seeking new methods and variables.
|d [Place of publication not identified] : Emerald Publishing Limited, c2017
|h 352 pages
|k International Marketing Review ; Volume 34 Number 2
|z 9781787148574
|
| 797 |
2 |
|
|a ProQuest (Firm)
|
| 856 |
4 |
0 |
|u https://ebookcentral.proquest.com/lib/matrademy/detail.action?docID=4856733
|z Click to View
|